[Event "ARG-ch 96th"]
[Site "Buenos Aires"]
[Date "2022.06.08"]
[Round "7"]
[White "Garnier, Rene Augusto"]
[Black "Herrmann, Roman"]
[Result "1/2-1/2"]
[WhiteElo "2187"]
[BlackElo "2097"]
[PlyCount "101"]
[EventDate "2022.06.02"]
[EventType "swiss"]
[EventRounds "11"]
[EventCountry "ARG"]
[SourceTitle "CBM 208 Extra"]
[Source "ChessBase"]
[SourceDate "2022.07.31"]
[SourceVersion "1"]
[SourceVersionDate "2022.07.31"]
[SourceQuality "1"]

1. Nf3 Nf6 2. g3 b6 3. Bg2 Bb7 4. 0-0 e6 5. c4 Be7 6. d4 0-0 7. Nc3 Ne4 8. Qc2 Nxc3 9. Qxc3 f5 10. b3 Bf6 11. Bb2 a5 12. Rad1 Na6 13. a3 Nc5 14. Ne5 Bxg2 15. Kxg2 Ne4 16. Qc2 Qe8 17. f3 Ng5 18. Nd3 Nf7 19. e4 fxe4 20. fxe4 Nh6 21. h3 Qe7 22. Qe2 g6 23. e5 Bg7 24. g4 Rxf1 25. Rxf1 Rf8 26. Rxf8+ Bxf8 27. Nf2 Qh4 28. Qf3 Nf7 29. Bc1 Be7 30. Qa8+ Kg7 31. Qc8 d6 32. Qxe6 dxe5 33. dxe5 Bc5 34. Qf6+ Qxf6 35. exf6+ Kxf6 36. Ne4+ Ke5 37. Nxc5 bxc5 38. Be3 Ke4 39. Bxc5 Kd3 40. Kf3 Ng5+ 41. Kf4 Ne6+ 42. Ke5 Nxc5 43. b4 axb4 44. axb4 Na4 45. Kd5 Nb6+ 46. Kc6 Kxc4 47. Kxc7 Nd5+ 48. Kd6 Ne3 49. Ke5 Kxb4 50. Kf6 Nxg4+ 51. hxg4 1/2-1/2

[Event "ARG-ch 96th"]
[Site "Buenos Aires"]
[Date "2022.06.07"]
[Round "6"]
[White "Herrmann, Roman"]
[Black "Bosco, Giuliana"]
[Result "1-0"]
[WhiteElo "2097"]
[BlackElo "1843"]
[PlyCount "53"]
[EventDate "2022.06.02"]
[EventType "swiss"]
[EventRounds "11"]
[EventCountry "ARG"]
[SourceTitle "CBM 208 Extra"]
[Source "ChessBase"]
[SourceDate "2022.07.31"]
[SourceVersion "1"]
[SourceVersionDate "2022.07.31"]
[SourceQuality "1"]

1. e4 e6 2. d4 d5 3. Nd2 Nf6 4. e5 Nfd7 5. f4 c5 6. c3 Nc6 7. Ndf3 Qb6 8. g3 cxd4 9. cxd4 Bb4+ 10. Kf2 Nf8 11. Kg2 Bd7 12. Be3 Be7 13. b3 f6 14. Bd3 0-0-0 15. Ne2 Ng6 16. Bf2 Nf8 17. a3 Be8 18. b4 Bh5 19. b5 Bxf3+ 20. Kxf3 Na5 21. Qa4 Rd7 22. Rhc1+ Kb8 23. Be1 Bd8 24. Bb4 Nc4 25. Bxc4 dxc4 26. Bc5 Qa5 27. Bd6+ 1-0

[Event "ARG-ch 96th"]
[Site "Buenos Aires"]
[Date "2022.06.06"]
[Round "5"]
[White "Aracri, Marcelo"]
[Black "Herrmann, Roman"]
[Result "0-1"]
[WhiteElo "1908"]
[BlackElo "2097"]
[PlyCount "92"]
[EventDate "2022.06.02"]
[EventType "swiss"]
[EventRounds "11"]
[EventCountry "ARG"]
[SourceTitle "CBM 208 Extra"]
[Source "ChessBase"]
[SourceDate "2022.07.31"]
[SourceVersion "1"]
[SourceVersionDate "2022.07.31"]
[SourceQuality "1"]

1. d4 Nf6 2. Bf4 c5 3. d5 Qb6 4. Nc3 Qxb2 5. Bd2 Qb6 6. e4 d6 7. Rb1 Qd8 8. f4 a6 9. a4 b6 10. Bc4 Bb7 11. Qe2 g6 12. Nf3 Bg7 13. 0-0 0-0 14. Rbd1 Ne8 15. e5 Nc7 16. Be1 Nd7 17. Bg3 b5 18. axb5 axb5 19. Nxb5 Nb6 20. exd6 exd6 21. Bh4 Qd7 22. Qe7 Qxe7 23. Bxe7 Nxc4 24. Nxc7 Rac8 25. Nb5 Rfe8 26. Nxd6 Nxd6 27. Bxd6 Rcd8 28. Be5 Bxd5 29. Bxg7 Kxg7 30. Rd2 Be4 31. Re2 Bf5 32. h3 Be6 33. Rfe1 h6 34. Rd2 Rxd2 35. Nxd2 Rd8 36. Re2 Rd4 37. Ne4 Rc4 38. Kf2 Bd5 39. Nd6 Rxf4+ 40. Kg3 Rd4 41. Nb5 Rc4 42. Rd2 Be6 43. Kf3 h5 44. Ke3 Rb4 45. Nc7 Bf5 46. Na6 Rc4 0-1

[Event "ARG-ch sf 95th"]
[Site "Buenos Aires"]
[Date "2020.02.23"]
[Round "2"]
[White "Herrmann, Roman"]
[Black "Fiorito, Fabian"]
[Result "0-1"]
[WhiteElo "2129"]
[BlackElo "2364"]
[PlyCount "92"]
[EventDate "2020.02.22"]
[EventType "swiss"]
[EventRounds "9"]
[EventCountry "ARG"]
[SourceTitle "CBM 195 Extra"]
[Source "ChessBase"]
[SourceDate "2020.05.31"]
[SourceVersion "1"]
[SourceVersionDate "2020.05.31"]
[SourceQuality "1"]

1. d4 Nf6 2. c4 e6 3. Nc3 Bb4 4. f3 d5 5. a3 Bxc3+ 6. bxc3 c5 7. cxd5 exd5 8. e3 0-0 9. Bd3 Re8 10. Ne2 b6 11. 0-0 Ba6 12. Bxa6 Nxa6 13. Qd3 Nc7 14. Ng3 Ne6 15. Bb2 Rc8 16. e4 cxd4 17. cxd4 dxe4 18. fxe4 Nc5 19. Qf3 Ncxe4 20. Nxe4 Rxe4 21. d5 Qxd5 22. Bxf6 gxf6 23. Qxf6 Qd4+ 24. Qxd4 Rxd4 25. Rf3 Rcd8 26. Raf1 R8d7 27. Rg3+ Kf8 28. Rh3 Rd3 29. Rxh7 Rxa3 30. Rh8+ Kg7 31. Rh4 Rad3 32. Rg4+ Kf8 33. Rgf4 b5 34. h4 R3d4 35. Rf5 R4d5 36. R5f4 a5 37. R1f3 b4 38. Rh3 Rd1+ 39. Kh2 R7d3 40. Rxd3 Rxd3 41. Rf5 a4 42. Rf4 Rb3 43. h5 a3 44. Rf2 Rb2 45. Rf5 a2 46. Ra5 Kg7 0-1

[Event "ARG-ch Amateur"]
[Site "Termas de Rio Hondo"]
[Date "2019.11.17"]
[Round "6"]
[White "Diaz, Diego Patricio"]
[Black "Herrmann, Roman"]
[Result "1/2-1/2"]
[WhiteElo "2022"]
[BlackElo "2066"]
[PlyCount "56"]
[EventDate "2019.11.15"]
[EventType "swiss"]
[EventRounds "7"]
[EventCountry "ARG"]
[SourceTitle "CBM 193 Extra"]
[Source "ChessBase"]
[SourceDate "2020.01.31"]
[SourceVersion "1"]
[SourceVersionDate "2020.01.31"]
[SourceQuality "1"]

1. e4 c5 2. Nc3 Nc6 3. Bb5 g6 4. Bxc6 dxc6 5. d3 Bg7 6. Be3 b6 7. Qd2 e5 8. Nge2 Nf6 9. Bh6 Bxh6 10. Qxh6 Qe7 11. 0-0 Ng4 12. Qd2 0-0 13. h3 Nf6 14. f4 exf4 15. Qxf4 Nh5 16. Qh6 Be6 17. Nf4 Ng7 18. Rae1 Rad8 19. Nxe6 Qxe6 20. e5 Nf5 21. Qf4 Kg7 22. g4 Nd4 23. Rf2 f6 24. exf6+ Qxf6 25. Qxf6+ Rxf6 26. Re7+ Kf8 27. Rxh7 Rxf2 28. Kxf2 Nxc2 1/2-1/2

[Event "ARG-ch Amateur"]
[Site "Termas de Rio Hondo"]
[Date "2019.11.15"]
[Round "1"]
[White "Herrmann, Roman"]
[Black "Jimenez, Joaquin Rodrigo"]
[Result "1-0"]
[WhiteElo "2066"]
[BlackElo "2288"]
[PlyCount "63"]
[EventDate "2019.11.15"]
[EventType "swiss"]
[EventRounds "7"]
[EventCountry "ARG"]
[SourceTitle "CBM 193 Extra"]
[Source "ChessBase"]
[SourceDate "2020.01.31"]
[SourceVersion "1"]
[SourceVersionDate "2020.01.31"]
[SourceQuality "1"]

1. d4 Nf6 2. c4 e6 3. Nc3 Bb4 4. e3 0-0 5. Bd3 c5 6. a3 Bxc3+ 7. bxc3 Nc6 8. Ne2 d6 9. e4 e5 10. d5 Ne7 11. 0-0 Ng6 12. f4 exf4 13. Nxf4 Ne5 14. Ne2 h6 15. Ng3 Re8 16. Nf5 Bxf5 17. Rxf5 Qe7 18. Bc2 Nxc4 19. Qe2 Ne5 20. c4 Ng6 21. Bb2 Nxe4 22. Raf1 Ng5 23. Qh5 Qe3+ 24. R1f2 Qe1+ 25. Rf1 Qe2 26. Rxf7 Qe3+ 27. Kh1 Ne5 28. Bxe5 Qxe5 29. R7f5 Qc3 30. Rxg5 Rf8 31. Bf5 Qxc4 32. Rxg7+ 1-0

[Event "Pan American-ch Amateur U2300"]
[Site "San Jose"]
[Date "2019.10.26"]
[Round "7.2"]
[White "Alfaro Caracas, William"]
[Black "Herrmann, Roman"]
[Result "1/2-1/2"]
[WhiteElo "2103"]
[BlackElo "2099"]
[PlyCount "33"]
[EventDate "2019.10.23"]
[EventType "swiss"]
[EventRounds "9"]
[EventCountry "CRI"]
[SourceTitle "EXT 2021"]
[Source "ChessBase"]
[SourceDate "2020.10.23"]
[SourceVersion "1"]
[SourceVersionDate "2020.10.23"]
[SourceQuality "1"]

1. d4 Nf6 2. Nf3 e6 3. g3 d5 4. Bg2 Be7 5. 0-0 0-0 6. c4 dxc4 7. Ne5 Nc6 8. Bxc6 bxc6 9. Nxc6 Qe8 10. Nxe7+ Qxe7 11. Qa4 c5 12. Qxc4 cxd4 13. Qxd4 e5 14. Qh4 Rb8 15. a3 Ba6 16. Nc3 Qe6 17. Bg5 1/2-1/2

[Event "Pan American-ch Amateur U2300"]
[Site "San Jose"]
[Date "2019.10.24"]
[Round "3.3"]
[White "Herrmann, Roman"]
[Black "Lievano, Luis"]
[Result "1-0"]
[WhiteElo "2099"]
[BlackElo "2007"]
[PlyCount "78"]
[EventDate "2019.10.23"]
[EventType "swiss"]
[EventRounds "9"]
[EventCountry "CRI"]
[SourceTitle "EXT 2021"]
[Source "ChessBase"]
[SourceDate "2020.10.23"]
[SourceVersion "1"]
[SourceVersionDate "2020.10.23"]
[SourceQuality "1"]

1. d4 Nf6 2. c4 e6 3. Nc3 Bb4 4. a3 Bxc3+ 5. bxc3 b6 6. f3 Nc6 7. Bg5 h6 8. Bh4 Qe7 9. e4 g5 10. Bf2 e5 11. d5 Na5 12. Be2 d6 13. Qc2 Ba6 14. c5 Bxe2 15. cxd6 cxd6 16. Nxe2 Nh5 17. 0-0 f6 18. g3 Kf7 19. Qd3 Rac8 20. Be3 Rc4 21. Rf2 Rhc8 22. Raf1 Kg7 23. Rg2 Ra4 24. Bc1 Rcc4 25. Qd1 Qe8 26. Kh1 Qg6 27. h3 Kf7 28. Qc2 Ke7 29. Kh2 Nb7 30. Rgg1 Nc5 31. Be3 Na6 32. Rb1 Qe8 33. Qc1 Ra5 34. Rf1 Qa4 35. Qe1 Qc2 36. Rf2 Qd3 37. Qc1 Rxa3 38. Qxa3 Qxb1 39. Qxa6 Rc7 1-0

[Event "ARG-ch sf Amateur U2000/2300"]
[Site "Cosquin"]
[Date "2019.07.27"]
[Round "2.1"]
[White "Herrmann, Roman"]
[Black "Panozzo, Luis"]
[Result "1/2-1/2"]
[WhiteElo "2107"]
[BlackElo "1775"]
[PlyCount "132"]
[EventDate "2019.07.27"]
[EventType "swiss"]
[EventRounds "6"]
[EventCountry "ARG"]
[SourceTitle "EXT 2024"]
[Source "ChessBase"]
[SourceDate "2023.10.10"]
[SourceVersion "1"]
[SourceVersionDate "2023.10.10"]
[SourceQuality "1"]

1. d4 d5 2. c4 c6 3. Nc3 Nf6 4. e3 a6 5. Nf3 Bg4 6. Qb3 b5 7. cxd5 cxd5 8. Ne5 e6 9. Nxg4 Nxg4 10. Be2 Qh4 11. g3 Qh3 12. Bf1 Qh5 13. Bg2 Bd6 14. Qd1 f5 15. a4 b4 16. Ne2 a5 17. Nf4 Qf7 18. f3 Nf6 19. Nd3 Nbd7 20. b3 Rc8 21. Bb2 Bb8 22. Qe2 0-0 23. 0-0 Rfe8 24. Rac1 Qe7 25. Rc2 Qd6 26. Rfc1 Nb6 27. Ne5 Rxc2 28. Rxc2 Rc8 29. Rxc8+ Nxc8 30. Qb5 Qb6 31. Qxb6 Nxb6 32. Kf1 Bc7 33. Ke2 Nbd7 34. Nxd7 Nxd7 35. e4 dxe4 36. fxe4 Kf8 37. exf5 exf5 38. Kd3 Ke7 39. Kc4 g5 40. Bc1 h6 41. Be3 Kd6 42. h4 Bd8 43. hxg5 hxg5 44. Kb5 Nb6 45. Bd2 Nd5 46. Kc4 Nb6+ 47. Kd3 Bf6 48. Bf3 Nd5 49. Bg2 f4 50. Bxd5 Kxd5 51. gxf4 gxf4 52. Bxf4 Bd8 53. Be5 Bb6 54. Bb8 Bd8 55. Ba7 Bc7 56. Ke3 Bd8 57. Kf4 Bf6 58. Ke3 Bd8 59. Bc5 Bc7 60. Kf3 Bd8 61. Ke3 Bc7 62. Be7 Bb6 63. Bf6 Bc7 64. Kd3 Bb6 65. Be5 Bd8 66. Bb8 Bb6 1/2-1/2

[Event "Mar del Plata op 50th"]
[Site "Mar del Plata"]
[Date "2019.04.14"]
[Round "2"]
[White "Herrmann, Roman"]
[Black "Flores, Diego"]
[Result "0-1"]
[WhiteElo "2066"]
[BlackElo "2596"]
[PlyCount "68"]
[EventDate "2019.04.13"]
[EventType "swiss"]
[EventRounds "9"]
[EventCountry "ARG"]
[SourceTitle "CBM 190 Extra"]
[Source "ChessBase"]
[SourceDate "2019.07.15"]
[SourceVersion "1"]
[SourceVersionDate "2019.07.15"]
[SourceQuality "1"]

1. d4 d6 2. Nf3 Bg4 3. c4 Bxf3 4. exf3 c6 5. Nc3 Nf6 6. Qb3 Qc7 7. Be3 g6 8. Be2 Bg7 9. f4 0-0 10. 0-0 e6 11. Rac1 Nbd7 12. Rfd1 Rfe8 13. h3 Rac8 14. a3 d5 15. c5 b6 16. cxb6 axb6 17. Qc2 Qb7 18. b4 Ra8 19. a4 Rec8 20. Qb3 Ne8 21. Bf3 Ndf6 22. g4 Nd6 23. Qb1 b5 24. a5 Nc4 25. f5 exf5 26. gxf5 Qd7 27. Ne2 Re8 28. Qd3 Ne4 29. fxg6 hxg6 30. Bg4 Qe7 31. Rc2 f5 32. Bf3 Qxb4 33. Nf4 Qd6 34. Bxe4 Rxe4 0-1

[Event "ARG-ch sf 94th"]
[Site "Buenos Aires"]
[Date "2019.04.05"]
[Round "7"]
[White "Mansilla, Martin"]
[Black "Herrmann, Roman"]
[Result "1-0"]
[WhiteElo "2149"]
[BlackElo "2066"]
[PlyCount "81"]
[EventDate "2019.03.30"]
[EventType "swiss"]
[EventRounds "9"]
[EventCountry "ARG"]
[SourceTitle "CBM 189 Extra"]
[Source "ChessBase"]
[SourceDate "2019.06.03"]
[SourceVersion "1"]
[SourceVersionDate "2019.06.03"]
[SourceQuality "1"]

1. d4 Nf6 2. Nf3 e6 3. c4 Bb4+ 4. Nbd2 d5 5. Qa4+ Nc6 6. Ne5 Bd7 7. Nxd7 Qxd7 8. e3 Ne4 9. Qc2 Ne7 10. f3 Nxd2 11. Bxd2 Bxd2+ 12. Qxd2 f5 13. Bd3 0-0 14. 0-0-0 Qa4 15. b3 Qa3+ 16. Qb2 Qd6 17. c5 Qd7 18. Kb1 a5 19. a3 Nc6 20. h3 Qe7 21. f4 Nb8 22. g4 Nd7 23. Rdg1 b6 24. cxb6 Nxb6 25. Rc1 Rab8 26. Ka2 Qd6 27. Qc2 Rf7 28. gxf5 exf5 29. Bxf5 a4 30. Bxh7+ Kh8 31. b4 Nc4 32. Qg6 Rf6 33. Qd3 g6 34. e4 Rxf4 35. e5 Qb6 36. Bxg6 Rxd4 37. Qf5 Rd2+ 38. Rc2 Rxc2+ 39. Qxc2 Qd4 40. e6 Rf8 41. e7 1-0

[Event "ARG-ch sf 94th"]
[Site "Buenos Aires"]
[Date "2019.03.31"]
[Round "2"]
[White "Herrmann, Roman"]
[Black "Acosta, Pablo Ismael"]
[Result "0-1"]
[WhiteElo "2066"]
[BlackElo "2467"]
[PlyCount "82"]
[EventDate "2019.03.30"]
[EventType "swiss"]
[EventRounds "9"]
[EventCountry "ARG"]
[SourceTitle "CBM 189 Extra"]
[Source "ChessBase"]
[SourceDate "2019.06.03"]
[SourceVersion "1"]
[SourceVersionDate "2019.06.03"]
[SourceQuality "1"]

1. d4 Nf6 2. c4 e6 3. Nc3 Bb4 4. e3 0-0 5. Nge2 b6 6. a3 Bxc3+ 7. Nxc3 Bb7 8. Bd3 c5 9. 0-0 h6 10. Qe2 Nc6 11. d5 exd5 12. cxd5 Na5 13. e4 Nb3 14. Be3 Nxa1 15. Rxa1 Re8 16. f4 d6 17. Qf3 a6 18. Bf2 Nd7 19. Re1 b5 20. Nd1 f5 21. Ne3 fxe4 22. Bxe4 Qf6 23. Nf5 Kh8 24. Qg4 Nf8 25. Bh4 Qg6 26. Qf3 Bxd5 27. Bxd5 Rxe1+ 28. Bxe1 Re8 29. Ne3 Qb1 30. Qe2 Nh7 31. Kf2 Nf6 32. Bf3 d5 33. Qc2 Qa1 34. Nd1 Ne4+ 35. Bxe4 Rxe4 36. Bc3 Rxf4+ 37. Kg3 Re4 38. Nf2 Re3+ 39. Kh4 Qf1 40. g3 Qc4+ 41. Ng4 Re2 0-1

[Event "ARG-ch sf 94th"]
[Site "Buenos Aires"]
[Date "2019.03.30"]
[Round "1"]
[White "Fiorito, Fabian"]
[Black "Herrmann, Roman"]
[Result "1/2-1/2"]
[WhiteElo "2366"]
[BlackElo "2066"]
[PlyCount "87"]
[EventDate "2019.03.30"]
[EventType "swiss"]
[EventRounds "9"]
[EventCountry "ARG"]
[SourceTitle "CBM 189 Extra"]
[Source "ChessBase"]
[SourceDate "2019.06.03"]
[SourceVersion "1"]
[SourceVersionDate "2019.06.03"]
[SourceQuality "1"]

1. d4 Nf6 2. Nf3 e6 3. e3 b6 4. Bd3 Bb7 5. 0-0 Be7 6. c4 c5 7. Nc3 cxd4 8. exd4 d5 9. b3 0-0 10. Bb2 Nc6 11. a3 Rc8 12. Rc1 g6 13. Nb1 dxc4 14. bxc4 Qd7 15. Nbd2 Rfd8 16. Re1 Rc7 17. Nb3 Qc8 18. Qd2 Nh5 19. Qe3 Bf8 20. g4 Nf6 21. h3 Bg7 22. Rc2 Qb8 23. Rce2 Rcd7 24. Ng5 Qd6 25. f4 a5 26. Nf3 Ne8 27. Ne5 Nxe5 28. fxe5 Qc6 29. Kh2 Qf3 30. Qxf3 Bxf3 31. Rf2 Bc6 32. Bf1 Bh6 33. Nd2 Rc8 34. Ne4 Bxe4 35. Rxe4 Nc7 36. a4 Rb8 37. h4 Bf8 38. Bg2 Na6 39. Bf1 Nb4 40. Ref4 Rc8 41. Kh3 Rcc7 42. g5 Rc8 43. Kg4 Rcd8 44. Kh3 1/2-1/2

[Event "ARG-ch sf 93rd"]
[Site "Buenos Aires"]
[Date "2018.05.26"]
[Round "8"]
[White "Fernandes, Martin"]
[Black "Herrmann, Roman"]
[Result "1/2-1/2"]
[WhiteElo "1797"]
[BlackElo "1975"]
[PlyCount "109"]
[EventDate "2018.05.19"]
[EventType "swiss"]
[EventRounds "9"]
[EventCountry "ARG"]
[SourceTitle "CBM 184 Extra"]
[Source "ChessBase"]
[SourceDate "2018.06.28"]
[SourceVersion "1"]
[SourceVersionDate "2018.06.28"]
[SourceQuality "1"]

1. e4 e6 2. d4 d5 3. Nc3 Nf6 4. e5 Nfd7 5. f4 c5 6. Nf3 Nc6 7. Be3 cxd4 8. Nxd4 Bc5 9. Qd2 a6 10. Nxc6 bxc6 11. Bxc5 Nxc5 12. Qd4 Qb6 13. b4 Nd7 14. Qxb6 Nxb6 15. a4 0-0 16. a5 Nd7 17. Be2 f6 18. exf6 Rxf6 19. 0-0 c5 20. b5 axb5 21. Nxb5 c4 22. Bg4 Nc5 23. Nc7 Ra7 24. Nxd5 exd5 25. Bxc8 Rc6 26. Bg4 Kf7 27. Bf3 Rd6 28. Rfb1 Ne6 29. Rb5 d4 30. Rd5 Ke7 31. Re1 g6 32. Ree5 d3 33. cxd3 cxd3 34. Rxd6 Kxd6 35. g3 Nc5 36. Rd5+ Kc6 37. Rxd3+ Kb5 38. Ra3 Rxa5 39. Rxa5+ Kxa5 40. Kf2 Kb4 41. Bd5 Nd7 42. Ke3 Nf6 43. Be6 Kc5 44. h3 Kd6 45. Bf7 Ke7 46. Bc4 h6 47. Be2 g5 48. f5 Nd7 49. Kd4 Kf6 50. Kd5 Ne5 51. g4 Nf7 52. Bb5 h5 53. Be2 hxg4 54. hxg4 Ne5 55. Kd6 1/2-1/2

[Event "ARG-ch sf 93rd"]
[Site "Buenos Aires"]
[Date "2018.05.19"]
[Round "1"]
[White "Herrmann, Roman"]
[Black "Quiroga, Facundo"]
[Result "0-1"]
[WhiteElo "1975"]
[BlackElo "2278"]
[PlyCount "128"]
[EventDate "2018.05.19"]
[EventType "swiss"]
[EventRounds "9"]
[EventCountry "ARG"]
[SourceTitle "CBM 184 Extra"]
[Source "ChessBase"]
[SourceDate "2018.06.28"]
[SourceVersion "1"]
[SourceVersionDate "2018.06.28"]
[SourceQuality "1"]

1. d4 Nf6 2. Nf3 e6 3. Bf4 c5 4. e3 Nc6 5. c3 d5 6. Nbd2 Qb6 7. Rb1 Bd7 8. Bd3 Rc8 9. 0-0 cxd4 10. exd4 Ne7 11. Ne5 Bb5 12. Qe2 Bxd3 13. Qxd3 Ng6 14. Be3 Bd6 15. f4 0-0 16. Kh1 Rfe8 17. Rf3 a6 18. g4 Qb5 19. Qxb5 axb5 20. Nxg6 hxg6 21. g5 Nd7 22. a3 Nb6 23. Kg2 Rc7 24. h4 Nc8 25. Rh1 Ne7 26. Nf1 Nf5 27. Bd2 f6 28. Ng3 Kf7 29. Nxf5 exf5 30. Re1 Re4 31. Rxe4 fxe4 32. Rh3 Rc8 33. Kg3 Ra8 34. Bc1 Rc8 35. Bd2 Re8 36. Be3 Rh8 37. Kg4 Ra8 38. Bc1 b6 39. Rh2 Ra4 40. Rh3 Rc4 41. Bd2 Rc7 42. Rh2 Rc6 43. Rh3 Rc8 44. Rh2 Rc4 45. Rh3 b4 46. axb4 Bxb4 47. cxb4 Rxd4 48. Bc3 Rd1 49. Rh2 d4 50. f5 dxc3 51. fxg6+ Ke6 52. gxf6 Kxf6 53. bxc3 Ke5 54. h5 Rg1+ 55. Kh4 e3 56. c4 Kf4 57. Kh3 Kf3 58. c5 bxc5 59. bxc5 e2 60. Rxe2 Kxe2 61. c6 Kf3 62. Kh2 Rg5 63. h6 Rh5+ 64. Kg1 Rxh6 0-1

[Event "ARG-ch Amateur U2300"]
[Site "Suipacha"]
[Date "2017.11.17"]
[Round "1.12"]
[White "Herrmann, Roman"]
[Black "Lujan, Nelson"]
[Result "1-0"]
[WhiteElo "1978"]
[BlackElo "2088"]
[PlyCount "85"]
[EventDate "2017.11.17"]
[EventType "swiss"]
[EventRounds "8"]
[EventCountry "ARG"]
[SourceTitle "EXT 2024"]
[Source "ChessBase"]
[SourceDate "2023.10.10"]
[SourceVersion "1"]
[SourceVersionDate "2023.10.10"]
[SourceQuality "1"]

1. d4 Nf6 2. Nf3 e6 3. Bf4 b6 4. e3 Bb7 5. Nbd2 g6 6. Bd3 Bg7 7. 0-0 0-0 8. c3 d6 9. h3 Nbd7 10. a4 Qe8 11. Bh2 e5 12. Bc4 Qe7 13. a5 e4 14. Ne1 c6 15. Nc2 d5 16. Be2 Ne8 17. Nb4 Qe6 18. c4 Nd6 19. a6 Bc8 20. cxd5 cxd5 21. Qc2 Nf5 22. Bb5 Nb8 23. Qb3 Ne7 24. Nb1 Bd7 25. Nc3 Rd8 26. Rfc1 Kh8 27. Bxd7 Qxd7 28. Rc2 Nbc6 29. Nxc6 Nxc6 30. Rac1 Rac8 31. Qb5 Qe6 32. Na2 Ne7 33. Bc7 Re8 34. Nb4 f5 35. Bf4 Red8 36. Rxc8 Nxc8 37. Rc7 Bf6 38. Qc6 Qxc6 39. Nxc6 Re8 40. Nxa7 Nxa7 41. Rxa7 g5 42. Be5 Bxe5 43. dxe5 1-0

[Event "ARG-ch sf 92nd"]
[Site "Buenos Aires"]
[Date "2017.07.17"]
[Round "9.31"]
[White "Chan, Daniel Roberto"]
[Black "Herrmann, Roman"]
[Result "1-0"]
[WhiteElo "1854"]
[BlackElo "2019"]
[PlyCount "72"]
[EventDate "2017.07.10"]
[EventType "swiss"]
[EventRounds "9"]
[EventCountry "ARG"]
[SourceTitle "EXT 2018"]
[Source "ChessBase"]
[SourceDate "2017.10.13"]
[SourceVersion "1"]
[SourceVersionDate "2017.10.13"]
[SourceQuality "1"]

1. d4 Nf6 2. Bf4 b6 3. e3 Bb7 4. Nd2 g6 5. Ngf3 Bg7 6. h3 0-0 7. Be2 d6 8. 0-0 Nbd7 9. c4 c5 10. Qc2 cxd4 11. exd4 Re8 12. Rfd1 Qc7 13. Rac1 Rac8 14. b4 Nd5 15. Bh2 Nxb4 16. Qb3 Nc6 17. Nf1 Na5 18. Qb4 Ba6 19. Ne3 Qb7 20. Bf1 Bf8 21. Qa4 Qc6 22. Qc2 e5 23. h4 Rcd8 24. h5 Bg7 25. Nd5 Bb7 26. Bg3 Rc8 27. Bh4 Bh6 28. Ne7+ Rxe7 29. Bxe7 Bxc1 30. Qxc1 Re8 31. Bh4 d5 32. hxg6 Qxg6 33. Nxe5 Nxe5 34. dxe5 dxc4 35. Rd6 Qg7 36. Qd2 Qf8 1-0